Upper hemicontinuity of the correspondence of the subgameperfect equilibrium outcomes.

Zavedenie topológie hier viacstavových hier a analýza niektorých jej vlastností. Všetky viacstavové hry možno aproximovať konečnými viacstavovými hrami. Vlastnosti takejto aproximácie. Niektoré zo starších výsledkov v literatúre sú špeciálnym prípadom tejto teórie.

Salvato in:
Dettagli Bibliografici
Autore principale: Börgers, T.
Natura: Capitolo di libro
Lingua:inglese
Soggetti:
Tags: Aggiungi Tag
Nessun Tag, puoi essere il primo ad aggiungerne!!

MARC

LEADER 00000naa a2200000 4500
001 r006924
005 20221130103512.0
041 0 |a eng 
044 |a NL 
245 1 0 |a Upper hemicontinuity of the correspondence of the subgameperfect equilibrium outcomes.  |c T. Börgers 
520 |a Zavedenie topológie hier viacstavových hier a analýza niektorých jej vlastností. Všetky viacstavové hry možno aproximovať konečnými viacstavovými hrami. Vlastnosti takejto aproximácie. Niektoré zo starších výsledkov v literatúre sú špeciálnym prípadom tejto teórie. 
610 2 0 |a metódy ekonomicko-matematické 
610 2 0 |a hry ekonomické 
610 2 0 |a rovnováha hospodárska 
100 1 |a Börgers, T.